| 000 | 01864nam a2200313 i 4500 | ||
|---|---|---|---|
| 001 | 000026551 | ||
| 003 | DO-SdBNP | ||
| 005 | 20251028115718.0 | ||
| 007 | ta | ||
| 008 | 110118s1998 dr ac r 001 0 spa d | ||
| 040 |
_aDO-SdBNP _bspa _cBNPHU _erda |
||
| 041 | _aspa | ||
| 082 | 4 |
_a972.91064 _bR696c 1998 _222 |
|
| 100 | 1 |
_aRodríguez Grullón, Julio M., _eautor _4aut. _913984 |
|
| 245 | 1 | 0 |
_aCuba paraíso o infierno? / _cJulio Rodríguez Grullón. |
| 250 | _aTercera edición | ||
| 264 | 1 |
_aSanto Domingo, República Dominicana : _bSEEBAC, _c1998. |
|
| 300 |
_a175 páginas : _bilustraciones, retratos ; _c21 cm. |
||
| 336 |
_atexto _btxt _2rdacontent |
||
| 337 |
_asin mediación _bn _2rdamedia |
||
| 338 |
_avolumen _bnc _2rdacarrier |
||
| 505 | _aSinopsis de la historia cubana 1492-1898, 29 -- Mis relaciones con Cuba, 57 -- Primer viaje, diciembre 1977 65-- Segundo viaje (II congreso internacional de auxología (Del 12 al 15 de diciembre 1979, La Habana Cuba), 85-- Tercer viaje, -- (Congreso de Pediatría, Cuba 84, VII Latinoamericano, XIV Panamericano, XXL Nacional) Del 11 al 16 de noviembre de 1984, Palacio de las Convenciones, La Habana, 95 -- Comentarios, 127 -- Aspectos positivos Las conquista en el campo de la salud -- La educación, 129 -- La honestidad del pueblo , 129 -- Los deportes, 130 -- Lo negativo del régimen, 130 -- Cuarto viaje, Octubre, 1937 -- Comentarios después del cuarto viajes, 149 -- Aspectos positivos, 151 -- Lo negativo del régimen, 156 -- Visita del Papa Juan Pablo II a Cuba, Enero 1998, 161 --Comentario final, 173 -- Conclusión, 175 | ||
| 590 | _aInventariado, 2019/BT | ||
| 650 | 4 |
_aCuba _xPolítica y gobierno _y1959-1990 _949325 |
|
| 650 | 4 |
_aCuba _xCondiciones sociales _919690 |
|
| 650 | 4 |
_aCuba _xCondiciones económicas _949326 |
|
| 910 | _aValidado. Control de calidad. EMS | ||
| 942 |
_2ddc _cLBS1 |
||
| 999 |
_c26043 _d26043 |
||